[Event "Central-SRB chT 2018"]
[Site "Kragujevac"]
[Date "2018.09.20"]
[Round "9"]
[White "Todorovic, Goran N"]
[Black "Djordjevic, Vuk"]
[Result "1/2-1/2"]
[WhiteElo "2326"]
[BlackElo "2404"]
[Annotator "TA"]
[PlyCount "96"]
[EventDate "2018.09.14"]
[EventType "team-tourn"]
[EventCountry "SRB"]
[SourceTitle "playchess.com"]
[Source "ChessBase"]
[SourceQuality "1"]

{[%evp 20,96,15,-10,-12,-24,-10,-18,-31,-62,-33,-34,-28,-79,22,0,0,-18,9,10,53,18,25,26,49,-65,-50,-54,-59,-81,-60,-67,-65,-186,-199,-178,-131,-122,-60,-67,-68,-62,0,0,0,0,21,0,0,0,0,-81,-43,-31,-52,-65,-25,-42,0,0,0,0,0,0,0,0,0,0,0,0,0,0,0,0,0,0,0,0,12819]} 1. c4 {Ftacnik,L} e5 2. Nc3 Nc6 3. Nf3 g6 4. d4 exd4 5. Nxd4 Bg7 6. Nxc6 bxc6 7. g3 Ne7 8. Bg2 O-O 9. O-O Rb8 10. Qa4 d6 {A27: English Opening: Three Knights Variation} 11. Rd1 {LiveBook: 3 Games} c5 12. Qc2 a5 $146 {Black has an edge.} ({Predecessor:} 12... Bf5 13. Qd2 a5 14. b3 a4 15. bxa4 Nc8 16. Bb2 Nb6 17. Bd5 c6 18. a5 Nxd5 19. cxd5 cxd5 {0-1 (45) Tomashevsky,E (2708)-Nguyen,N (2617) Biel 2010 CBM 138 [Ftacnik,L]}) 13. Rb1 Bf5 14. Be4 Qd7 15. Bxf5 Nxf5 16. e3 (16. Bd2 $11) 16... Nh6 (16... Bxc3 $1 $17 17. Qxc3 Nh4 $1 {[%mdl 512]}) 17. Bd2 Qh3 18. Qe4 Ng4 19. Qg2 Qh5 {With the idea ...Ne5.} 20. b3 (20. Nd5 $5 {[%cal Rd2a5]}) 20... Ne5 21. Nd5 a4 {Threatening ...axb3.} 22. h3 (22. f4 $14 axb3 23. axb3 Nf3+ 24. Kf2 Nxd2 25. Rxd2) 22... axb3 $1 $15 23. axb3 {[#]} Rxb3 $1 {[%mdl 512]} 24. g4 (24. Rxb3 Qxd1+) 24... Rxb1 25. Rxb1 Qh4 {aiming for ...c6.} 26. Rc1 (26. Nxc7 $15 Qd8 27. Nd5) 26... c6 $19 27. Nf4 f5 {[%cal Rf5g4]} 28. Bc3 {[#]} fxg4 (28... Qe7 $1 $17 29. Bxe5 dxe5) 29. hxg4 $15 Qe7 ({Much worse is} 29... Qxg4 $6 30. Qxg4 Nxg4 31. Bxg7 $14) 30. Bxe5 dxe5 ({Of course not} 30... Qxe5 31. Qxc6 Kh8 32. Qd5 $11) (30... Bxe5 $15 31. Nd3 Rc8) 31. Qe4 $1 $11 Qh4 32. Nd3 h5 {[%cal Bh7h5,Bh5g4,Bg4g3][%mdl 32]} 33. Kg2 hxg4 {Strongly threatening ...Qh3+.} 34. Rh1 Qg5 35. Kf1 (35. Qxc6 $11 Qf5 36. Qd5+ Rf7 37. Rh4) 35... Qf5 36. Qxf5 gxf5 37. Nxc5 $15 {[%mdl 4096] Endgame KRB-KRN} f4 {Hoping for ...fxe3.} 38. Kg2 g3 39. exf4 {The position is equal.} Rxf4 40. f3 Rxc4 41. Ne4 Rc2+ 42. Kxg3 Kf7 43. Rd1 Bf8 44. Kg4 Kg6 45. Rd8 Ba3 46. Rg8+ Kf7 47. Ra8 Be7 48. Kf5 Rc5 $2 {[%mdl 40960] Precision: White = 40%, Black = 43%. . An unexpected result.} (48... Rh2 $11) 1/2-1/2

[Event "Central-SRB chT 2018"]
[Site "Kragujevac"]
[Date "2018.09.20"]
[Round "9"]
[White "Rajkovic, Dusan"]
[Black "Pezelj, Novak"]
[Result "0-1"]
[WhiteElo "2322"]
[BlackElo "2457"]
[Annotator "TA"]
[PlyCount "90"]
[EventDate "2018.09.14"]
[EventType "team-tourn"]
[EventCountry "SRB"]
[SourceTitle "playchess.com"]
[Source "ChessBase"]
[SourceQuality "1"]

{[%evp 11,90,12,18,2,-8,-2,14,0,16,5,11,-29,1,0,0,0,0,0,0,0,0,0,12,21,66,-16,-16,-28,-12,-33,0,-123,-38,-62,-65,-88,-82,-189,-27,-27,-36,-45,-35,-79,-79,-192,-61,-412,-250,-241,-229,-215,-217,-221,-213,-218,-199,-266,-121,-137,-101,-222,-212,-284,-285,-449,-443,-418,-420,-409,-368,-451,-460,-475,-472,-456,-476,-470,-445,-456,-446]} 1. d4 d6 2. c4 e5 3. Nf3 e4 4. Ng5 f5 5. Nc3 Be7 6. Nh3 c6 7. d5 {A21: English Opening: 1...e5 2 Nc3} (7. Bf4 Nf6 8. e3 O-O 9. Bg3 Na6 10. Be2 Nc7 11. O-O h6 12. d5 g5 13. f3 exf3 14. Bxf3 g4 15. dxc6 gxf3 16. Qxf3 bxc6 17. Qxc6 {0-1 (40) Martinovic,S (2594)-Jovanovic,Z (2536) Pozega 2018}) 7... Nd7 8. b3 Ngf6 9. e3 {The position is equal.} O-O 10. Be2 Ne5 11. O-O Qe8 $146 ({Predecessor:} 11... Bd7 12. Bb2 c5 13. f3 exf3 14. gxf3 Nh5 {0-1 (30) Mottonen,A (2081)-Pollari,P Finland 2005}) 12. dxc6 bxc6 13. Ba3 Qd8 14. Qd2 Qc7 15. Rfd1 {[%cal Ra3d6]} Rd8 16. Rac1 Bf8 17. Bb2 Qf7 18. f4 (18. c5 $14) 18... exf3 $11 19. gxf3 Qh5 20. Kg2 $1 Ng6 {[#]} 21. Ng1 (21. Nd5 $1 $11 {[%mdl 512] remains equal.} Nxd5 (21... cxd5 22. Bxf6) 22. cxd5) 21... f4 ({Better is} 21... Qh6 $17 22. Kh1 Re8) 22. e4 Re8 23. Kh1 Qh6 $1 24. c5 {[#]} (24. Bf1 $17) 24... dxc5 $2 (24... Nh5 $1 $19 {[%cal Rh5g3] aiming for ...Ng3+.} 25. cxd6 (25. Bc4+ d5 $17) 25... Be6) 25. Bc4+ Be6 26. Bxe6+ Rxe6 27. Nce2 Nh5 28. Qc2 (28. Rc2 $17 {is a better defense.}) 28... Nh4 (28... Rae8 $19 29. Qc4 Ng3+ 30. Nxg3 fxg3) 29. Qc4 $2 {[%mdl 8192]} (29. Nh3 $15) 29... Ng3+ 30. Nxg3 fxg3 {[%csl Gh4][%cal Rg3g2]} 31. Rc2 {Hoping for Bc1.} g2+ $40 {[%mdl 128] Black wants a kill.} 32. Rxg2 Nxg2 33. Kxg2 Kh8 34. Ne2 (34. Bc1 {was called for.} Rg6+ 35. Kh1) 34... Bd6 (34... Rd6 $19 {has better winning chances.} 35. Rxd6 Bxd6) 35. Ng3 $17 {Black must now prevent Bxg7+!} Rae8 36. Bc1 {[#]} (36. Qc1 $17 Qg6 37. Kf2) 36... Qh4 $1 $19 {Threatens to win with ...Bxg3.} 37. Be3 Rg6 38. Bf2 (38. e5 $142 Qxc4 39. bxc4 Rxe5 40. Kf2) 38... Rh6 39. Bg1 Qh3+ 40. Kf2 {and the idea Nf5 leaves White hopeful.} Rg6 {[%cal Rd6g3]} 41. Qf7 Bxg3+ {Black is clearly winning.} 42. hxg3 Qxg3+ 43. Ke2 {[%cal Rf7e8]} Qe5 44. Bxc5 Rf6 45. Qd7 Qh2+ {Precision: White = 35%, Black = 44%.} 0-1

[Event "Central-SRB chT 2018"]
[Site "Kragujevac"]
[Date "2018.09.20"]
[Round "9"]
[White "Radovanovic, Dusan"]
[Black "Dudukovic, Nikola"]
[Result "1/2-1/2"]
[WhiteElo "2321"]
[BlackElo "2404"]
[Annotator "TA"]
[PlyCount "41"]
[EventDate "2018.09.14"]
[EventType "team-tourn"]
[EventCountry "SRB"]
[SourceTitle "playchess.com"]
[Source "ChessBase"]
[SourceQuality "1"]

{[%evp 18,20,30,28,30]} 1. d4 d5 2. c4 e6 3. Nc3 Nf6 4. Bg5 Be7 5. e3 O-O 6. cxd5 exd5 7. Bd3 Nbd7 8. Qc2 Re8 9. Nf3 Nf8 10. O-O g6 {D35: Queen's Gambit Declined: Exchange Variation} {Predecessor:} 11. b4 $146 Ne6 12. Bxf6 Bxf6 13. Qb3 c6 14. b5 c5 15. Nxd5 cxd4 16. Nxf6+ Qxf6 17. Nxd4 Nxd4 18. exd4 Qxd4 19. Bc4 Be6 20. Bxe6 Rxe6 21. Rad1 {½-½ (21) Krasenkow,M (2626)-Granda Zuniga,J (2640) Gallipoli 2018} 1/2-1/2

[Event "Central-SRB chT 2018"]
[Site "Kragujevac"]
[Date "2018.09.20"]
[Round "9"]
[White "Gajic, Mladen"]
[Black "Cvetanovic, Uros"]
[Result "1/2-1/2"]
[WhiteElo "2291"]
[BlackElo "2295"]
[Annotator "TA"]
[PlyCount "32"]
[EventDate "2018.09.14"]
[EventType "team-tourn"]
[EventCountry "SRB"]
[SourceTitle "playchess.com"]
[Source "ChessBase"]
[SourceQuality "1"]

{[%evp 13,14,12,20]} 1. Nf3 Nf6 2. g3 g6 3. Bg2 Bg7 4. O-O d5 5. c4 O-O 6. cxd5 Nxd5 7. Nc3 Nb6 {LiveBook: 328 Games} {Predecessor:} 8. d3 $146 Nc6 9. Bg5 h6 10. Be3 e5 11. a3 Re8 12. Rc1 Nd4 13. Bxd4 exd4 14. Ne4 c6 15. Qd2 a5 16. Nc5 a4 {0-1 (49) Movsesian,S (2699)-Cheparinov,I (2678) Khanty-Mansiysk 2013} 1/2-1/2

[Event "Central-SRB chT 2018"]
[Site "Kragujevac"]
[Date "2018.09.20"]
[Round "9"]
[White "Todorovic, Nenad I"]
[Black "Biljanic, Ljubomir"]
[Result "1/2-1/2"]
[WhiteElo "2291"]
[BlackElo "2212"]
[Annotator "TA"]
[PlyCount "71"]
[EventDate "2018.09.14"]
[EventType "team-tourn"]
[EventCountry "SRB"]
[SourceTitle "playchess.com"]
[Source "ChessBase"]
[SourceQuality "1"]

{[%evp 9,71,28,30,-46,23,-27,-37,-61,-52,-69,-76,-64,-57,-125,-124,-121,-118,-177,-170,-198,-183,-231,-190,-218,-151,-175,-146,-145,-143,-148,-129,-138,-19,-32,-15,-36,-27,-84,-49,-84,35,0,29,12,31,19,16,23,24,30,47,0,0,0,0,0,0,0,0,0,0,0,0,0]} 1. e4 e5 2. Nf3 Nc6 3. Bb5 g6 4. d4 exd4 5. Bg5 Be7 6. h4 {C60: Ruy Lopez: Unusual Black 3rd moves and 3...g6} (6. Bxe7 $11 Ngxe7 7. Nxd4) (6. Bxe7 Qxe7 7. Bxc6 dxc6 8. Qxd4 Nf6 9. Nc3 Bg4 10. Nd2 c5 11. Qe3 O-O-O 12. f3 Be6 13. O-O-O b6 14. g4 Nd7 15. h3 Ne5 16. f4 Nc6 17. Nf3 {0-1 (34) Guseinov,G (2645)-Carlsen,M (2832) chess.com INT 2017}) 6... h6 (6... Nf6 $1 $15) 7. Bf4 Nf6 8. Nbd2 {Black is slightly better.} a6 9. Ba4 $146 ({Predecessor:} 9. Bc4 d5 10. exd5 Nxd5 11. Bg3 O-O 12. h5 g5 13. O-O Bg4 {1-0 (78) Sulskis,S (2572)-Vul,A (2312) Jyvaskyla 2012}) 9... b5 10. Bb3 Na5 11. e5 (11. O-O $15) 11... Nh5 $36 {[%mdl 2048] Black is on the roll.} 12. Bh2 Bb7 13. Qe2 {[#]} (13. c3 $17 {might work better.}) 13... c5 $1 $19 {[%cal Rc5c4] And now ...c4 would win.} 14. a3 Nxb3 15. Nxb3 Qb6 16. Nbd2 Ng7 {[%cal Bh5g7,Bg7e6,Be6g5,Bg5e4][%mdl 32]} 17. Ne4 Bxe4 18. Qxe4 Qc6 19. Qe2 Ne6 20. Bg3 g5 (20... h5 $17 21. O-O O-O) 21. hxg5 $11 Bxg5 22. Nxg5 Nxg5 23. f3 (23. f4 $11 {remains equal.} Ne6 24. f5) 23... O-O-O 24. O-O-O Rhe8 (24... Rhg8 $17) 25. f4 Ne4 26. Bh4 f6 27. Rde1 d5 28. Bxf6 Nxf6 29. Rxh6 Rd6 $1 {[%cal Rd6e6] [#] Hoping for ...Rde6.} 30. Qd1 (30. f5 {feels hotter.} Qc7 31. Qd1 Rc6 32. Rxf6 Rxf6 33. exf6 Rxe1 34. Qxe1 Qf4+ 35. Kb1) 30... Rde6 {aiming for ...Ne4.The position is equal.} 31. Rxf6 Rxf6 32. exf6 Rxe1 33. Qxe1 Qxf6 34. Qe8+ Kc7 35. g3 Qg7 36. Kb1 {Precision: White = 24%, Black = 54%.} 1/2-1/2

[Event "Central-SRB chT 2018"]
[Site "Kragujevac"]
[Date "2018.09.20"]
[Round "9"]
[White "Adzic, Momcilo"]
[Black "Markovic, Milan D"]
[Result "0-1"]
[WhiteElo "2265"]
[BlackElo "2247"]
[Annotator "ChessBase"]
[PlyCount "108"]
[EventDate "2018.09.14"]
[EventType "team-tourn"]
[EventCountry "SRB"]
[SourceTitle "playchess.com"]
[Source "ChessBase"]
[SourceQuality "1"]
[TimeControl "40/5400+30:1800+30"]

1. e4 {[%emt 0:00:00]} c5 {[%emt 0:00:00]} 2. Nc3 {[%emt 0:00:00]} g6 {[%emt 0:00:00]} 3. g3 {[%emt 0:00:00]} Bg7 {[%emt 0:00:00]} 4. Bg2 {[%emt 0:00:00]} Nc6 {[%emt 0:00:02]} 5. Nge2 {[%emt 0:00:06]} d6 {[%emt 0:00:20]} 6. O-O {[%emt 0:01:12]} Nf6 {[%emt 0:00:39]} 7. d3 {[%emt 0:01:08]} O-O {[%emt 0:00:35]} 8. Be3 {[%emt 0:01:37]} Ng4 {[%emt 0:01:17]} 9. Bf4 {[%emt 0:01:15]} Nd4 {[%emt 0:00:17]} 10. h3 {[%emt 0:01:52]} Ne5 {[%emt 0:15:32]} 11. Be3 {[%emt 0:01:07]} Nef3+ {[%emt 0:00:05]} 12. Kh1 {[%emt 0:00:53]} e5 13. Ng1 {[%emt 0:00:11]} Nxg1 {[%emt 0:00:51]} 14. Kxg1 {[%emt 0:00:34]} Be6 {[%emt 0:06:04]} 15. f4 {[%emt 0:00:41]} Qd7 {[%emt 0:00:49]} 16. Kh2 {[%emt 0:06:19]} Rab8 {[%emt 0:00:40]} 17. fxe5 {[%emt 0:05:05]} dxe5 18. Nd5 {[%emt 0:00:08]} Bxd5 {[%emt 0:03:13]} 19. exd5 {[%emt 0:08:19]} b6 {[%emt 0:07:17]} 20. Bf2 f5 {[%emt 0:01:32]} 21. c3 {[%emt 0:10:30]} Nb5 22. Qa4 Rfd8 {[%emt 0:04:32]} 23. c4 {[%emt 0:02:09]} Nd6 24. Qc2 Bf8 {[%emt 0:13:40]} 25. Rab1 {[%emt 0:04:30]} Rdc8 {[%emt 0:01:30]} 26. Rfe1 {[%emt 0:00:45]} Nf7 {[%emt 0:00:29]} 27. h4 {[%emt 0:03:15]} Bd6 {[%emt 0:00:52]} 28. Bh3 {[%emt 0:00:40]} h5 {[%emt 0:00:31]} 29. Qd2 {[%emt 0:00:58]} Bf8 {[%emt 0:05:35]} 30. Be3 {[%emt 0:00:29]} Re8 {[%emt 0:00:50]} 31. a3 {[%emt 0:02:52]} a5 {[%emt 0:05:02]} 32. b3 {[%emt 0:00:49]} Bd6 {[%emt 0:00:30]} 33. Kg2 {[%emt 0:02:42]} Qc7 {[%emt 0:00:30]} 34. Bf2 {[%emt 0:00:16]} Rb7 {[%emt 0:03:25]} 35. a4 {[%emt 0:02:40]} Bf8 {[%emt 0:00:29]} 36. Be3 {[%emt 0:00:07]} Bd6 {[%emt 0:00:25]} 37. Bf2 {[%emt 0:01:21]} Qb8 {[%emt 0:00:22]} 38. Re2 {[%emt 0:00:31]} Rbe7 {[%emt 0:00:12]} 39. Rbe1 {[%emt 0:02:09]} Qd8 {[%emt 0:00:36]} 40. Be3 {[%emt 0:00:00]} Rd7 {[%emt 0:00:00]} 41. Rf1 {[%emt 0:02:13]} e4 {[%emt 0:03:55]} 42. Bf2 {[%emt 0:02:40]} exd3 {[%emt 0:00:17]} 43. Qxd3 {[%emt 0:00:26]} Rxe2 {[%emt 0:01:16]} 44. Qxe2 {[%emt 0:00:02]} Re7 {[%emt 0:00:07]} 45. Qd2 {[%emt 0:00:15]} Qe8 {[%emt 0:01:53]} 46. Re1 {[%emt 0:00:53]} Rxe1 {[%emt 0:00:37]} 47. Bxe1 {[%emt 0:04:16]} Qe4+ {[%emt 0:01:29]} 48. Kf2 {[%emt 0:01:37]} Ne5 {[%emt 0:04:35]} 49. Bf1 {[%emt 0:15:01]} f4 {[%emt 0:09:53]} 50. gxf4 {[%emt 0:04:32]} Ng4+ {[%emt 0:00:13]} 51. Kg3 {[%emt 0:01:55]} Ne3 {[%emt 0:00:12]} 52. Qf2 {[%emt 0:02:02]} Nf5+ {[%emt 0:00:07]} 53. Kh2 {[%emt 0:00:24]} Bxf4+ {[%emt 0:00:15]} 54. Kh3 {[%emt 0:00:48]} Qh1+ {[%emt 0:00:08]} 0-1

[Event "Central-SRB chT 2018"]
[Site "Kragujevac"]
[Date "2018.09.20"]
[Round "9"]
[White "Dimitrijevic, Radmilo"]
[Black "Marcetic, Nikola"]
[Result "0-1"]
[WhiteElo "2247"]
[BlackElo "2333"]
[Annotator "TA"]
[PlyCount "67"]
[EventDate "2018.09.14"]
[EventType "team-tourn"]
[EventCountry "SRB"]
[SourceTitle "playchess.com"]
[Source "ChessBase"]
[SourceQuality "1"]

{[%evp 17,67,10,16,0,0,0,0,-10,0,-22,-21,-23,-27,-37,-30,-32,-26,-41,-38,-34,-25,-56,-45,-57,-39,-83,-10,-87,-84,-84,-21,-34,-37,-62,-50,-77,-78,-122,-116,-117,-112,-137,-144,-258,-223,-298,-297,-319,-294,-629,-624,-726]} 1. e4 c5 2. Nc3 Nc6 3. g3 g6 4. Bg2 Bg7 5. d3 Rb8 6. Be3 d6 7. Qd2 b5 8. Nge2 b4 9. Nd1 Nd4 {LiveBook: 120 Games} 10. c3 {B26: Closed Sicilian: 3 g3, lines with early Be3} (10. O-O Nxe2+ 11. Qxe2 Nf6 12. a3 b3 13. c4 O-O 14. Bd2 e6 15. Bc3 Bb7 16. Ne3 Re8 17. Qd2 d5 18. e5 Nd7 19. Ba5 {0-1 (45) Li,R (2565)-Belous,V (2581) Philadelphia 2017}) 10... bxc3 11. bxc3 Nxe2 12. Qxe2 {The position is equal.} Nf6 13. h3 O-O 14. O-O Nd7 15. Qd2 Ba6 16. f4 Qa5 17. Rc1 Qa3 18. Rf2 $146 Rb6 19. Bf1 Rfb8 20. Rc2 R8b7 21. Rc1 Nb8 (21... Bb5 $17 22. d4 Bxf1 23. Rxf1 Qa5) 22. Rc2 (22. Kh2 $11) 22... Rb1 $17 23. d4 Bxf1 ({Black should play} 23... Ra1 $17 {Threatens to win with ...cxd4.} 24. Bxa6 Nxa6) 24. Rxf1 $11 Nd7 {[%cal Bb8d7,Bd7f6,Bf6e4,Be4c3][%mdl 32]} 25. f5 Nf6 26. fxg6 hxg6 27. e5 Ne4 28. Qg2 d5 29. Qf3 e6 $36 {[%mdl 2048] Black is in control.} 30. h4 (30. Kg2 $17) 30... Qa4 $19 31. Rg2 Qc4 32. h5 Nxc3 33. hxg6 $2 {[#]} (33. Rd2 cxd4 34. Bxd4) 33... Qxf1+ $1 {[%mdl 512]} 34. Kxf1 {Precision: White = 26%, Black = 60%.} (34. Qxf1 Rxd1) 0-1

[Event "Central-SRB chT 2018"]
[Site "Kragujevac"]
[Date "2018.09.20"]
[Round "9"]
[White "Stankovic, Dragan P"]
[Black "Rajkovic, Mladen"]
[Result "0-1"]
[WhiteElo "2229"]
[BlackElo "2304"]
[Annotator "TA"]
[PlyCount "104"]
[EventDate "2018.09.14"]
[EventType "team-tourn"]
[EventCountry "SRB"]
[SourceTitle "playchess.com"]
[Source "ChessBase"]
[SourceQuality "1"]

{[%evp 14,104,12,0,0,0,0,0,30,29,32,8,71,67,63,11,12,15,16,10,6,12,17,0,11,2,0,0,0,0,0,0,0,0,0,0,0,-20,-20,-38,-38,-98,-98,-98,-98,-98,-98,-98,-98,-98,-98,-98,-91,-110,-91,-222,-222,-222,-222,-222,-223,-220,-219,-222,-202,-296,-296,-296,-296,-296,-296,-282,-289,-289,-282,-281,-281,-533,-488,-4412,-2219,-5616,-5608,-5591,-5591,-29986,-29987,-29988,-29986,-29986,-29986,-29986,-29985]} 1. g3 e5 2. c4 Nf6 3. Bg2 c6 4. d4 Bb4+ 5. Nc3 (5. Bd2 Bxd2+ 6. Qxd2 d6 7. Nc3 O-O 8. e3 Be6 9. Rd1 Na6 10. b3 exd4 11. Qxd4 Nb4 12. Qd2 Bf5 13. e4 Re8 14. Nge2 Nxe4 15. Nxe4 Bxe4 16. Bxe4 Rxe4 17. Qxb4 {½-½ (31) Mamedyarov,S (2764)-Radjabov,T (2726) Baku 2014 CBM 163 [Marin,M]}) 5... Qa5 6. dxe5 {A20: English Opening: 1...e5} Bxc3+ 7. bxc3 Qxc3+ 8. Bd2 {LiveBook: 3 Games. The position is equal.} Qxe5 9. Nf3 Qe7 10. O-O d5 $146 ({Predecessor:} 10... O-O 11. Nd4 d5 12. cxd5 cxd5 {0-1 (87) Boyd,S (2306)-Petrossian,A (2443) France 2010}) 11. cxd5 cxd5 12. Bc3 Be6 (12... Nc6 $11) 13. Qa4+ $16 Nc6 14. Nd4 (14. Bb2 $14) 14... O-O $11 15. Nxc6 bxc6 16. Qxc6 Rac8 17. Bxf6 $1 Qxf6 18. Qb5 Qc3 19. Bf3 Rc5 20. Qb7 Rc7 21. Qa6 g6 22. Rac1 (22. Rfd1 {seems wilder.} Rd8 23. Rab1 d4 24. Kg2 Rcd7 25. Rdc1) 22... Qxc1 23. Rxc1 Rxc1+ 24. Kg2 Rc7 25. h4 h5 26. Qd3 Rfc8 27. Bxd5 (27. Qe3 $15) 27... Rd7 $17 28. e4 Bxd5 29. exd5 {[%mdl 4096] Endgame KQ-KRR} Rc5 ({Much worse is} 29... Rcd8 $6 30. Qa6 $11) 30. d6 Rc6 31. Qe3 {[#] Strongly threatening Qe8+.} Rcxd6 32. Qe8+ Kg7 33. a4 a6 34. a5 (34. Qc8 $17) 34... Rd5 $19 35. Qc8 R7d6 36. Qc3+ Rf6 37. f3 {[#]} Rdf5 $1 38. f4 Kh7 39. Qd4 (39. Kh3 $142) 39... Rc6 40. Qd3 Rxa5 41. Qd7 Rf6 42. Qd8 Raf5 43. Kh3 a5 {[%cal Ba6a5,Ba5a4,Ba4a3,Ba3a2][%mdl 32]} 44. Qe7 Ra6 45. Qb7 $2 (45. Qe2 Rd6 46. Qe4) 45... Rff6 46. g4 (46. Qe7 $142 a4 47. Qa3) 46... hxg4+ 47. Kxg4 a4 48. h5 gxh5+ 49. Kxh5 a3 {Black mates.} 50. Qe4+ Kh8 51. Qe5 a2 52. Qa1 Kg8 {Precision: White = 27%, Black = 83%.} 0-1

[Event "Central-SRB chT 2018"]
[Site "Kragujevac"]
[Date "2018.09.20"]
[Round "9"]
[White "Dimitrijevic, Nenad"]
[Black "Vuksanovic, Zvezdan"]
[Result "1/2-1/2"]
[WhiteElo "2216"]
[BlackElo "2158"]
[Annotator "TA"]
[PlyCount "153"]
[EventDate "2018.09.14"]
[EventType "team-tourn"]
[EventCountry "SRB"]
[SourceTitle "playchess.com"]
[Source "ChessBase"]
[SourceQuality "1"]

{[%evp 19,153,39,63,54,60,61,63,56,68,49,46,17,52,20,18,9,21,20,39,39,39,37,39,36,36,39,31,26,28,24,33,27,34,0,0,0,0,0,0,0,0,-7,0,0,45,25,19,-22,18,-18,-16,-20,-20,-31,-40,-28,-27,-40,-32,-43,-30,-81,-16,-62,-35,-69,0,-51,0,-12,0,0,0,-33,-7,-8,-3,-7,-17,-15,0,0,0,0,0,0,0,0,24,23,97,87,110,8,107,16,18,17,22,25,24,0,266,0,29966,29967,29960,29965,29965,29966,29967,29968,29991,6304,29988,518,514,512,478,418,374,15,15,15,583,16,546,506,409,14,14,14,14,0,0,0]} 1. d4 d6 2. Nf3 c6 3. c4 Nf6 4. Nc3 Nbd7 5. e4 e5 6. Be2 Be7 7. O-O O-O 8. Re1 Qc7 9. Bf1 Re8 10. h3 Nf8 {LiveBook: 9 Games} 11. a3 {A55: Old Indian Defence with Nf3 and e4} (11. Be3 Ng6 12. Qc2 Bd7 13. Rab1 h6 14. b4 b5 15. Qb3 Reb8 16. cxb5 cxb5 17. Rbc1 Qb7 18. dxe5 dxe5 19. Nd5 Bd8 20. Bc5 Be6 {½-½ (20) Zaja,I (2454)-Goric,E (2263) Bosnjaci 2018}) 11... Ng6 12. d5 c5 13. b4 {White is slightly better.} b6 14. bxc5 $146 ({Predecessor:} 14. Bd2 Bf8 15. bxc5 bxc5 16. Rb1 h6 17. Qa4 Qe7 18. Qa5 Nh5 19. Nb5 Rb8 20. Nxa7 Ra8 21. Nc6 {1-0 (21) Kubrusly,J (2226)-Deus Filho,J (2029) Rio de Janeiro 2010}) 14... bxc5 15. Bd2 Bd7 16. Rb1 Reb8 17. Qc2 a6 18. g3 Ra7 19. Rxb8+ Qxb8 20. Rb1 Rb7 21. Rxb7 Qxb7 22. Ne1 Bd8 23. Nd1 Bc7 24. Bg2 Ne8 25. Kh2 Ne7 26. f4 exf4 27. gxf4 Ng6 28. Nf3 Qb8 29. Nf2 Qd8 30. Qb2 Qf6 31. Qc1 Nh4 (31... h6 {feels hotter.} 32. Nh1 Qe7 33. Ng3 Qf6 34. Nh5 Qe7) 32. Nxh4 Qxh4 33. Be3 (33. Nd3 {is interesting.} Nf6 34. Be1 Qh5 35. Qd2 Qh6 36. Qe2) 33... Qd8 34. f5 Qb8 35. Qc2 Bd8 36. Bf4 Bf6 37. Nd3 Bd4 38. Bf3 g6 39. fxg6 hxg6 40. h4 (40. Bg3 $11) 40... Nf6 (40... a5 $17) 41. Qd1 Kg7 42. Kg3 Nh7 (42... a5 $1 $15) 43. Bc1 ({Better is} 43. Qe2 $11) 43... Qd8 (43... a5 $15) 44. Qd2 Bc8 45. Qh6+ Kg8 46. Qf4 Qe7 47. Bb2 Bxb2 48. Nxb2 g5 49. hxg5 Qxg5+ 50. Qxg5+ Nxg5 $11 {[%mdl 4096] Endgame KBN-KBN} 51. e5 dxe5 52. Na4 f5 53. Nxc5 {aiming for d6.} Nf7 54. Na4 f4+ (54... Kg7 $11) 55. Kh4 $1 $16 Bf5 56. Bg4 (56. c5 $16) 56... Bc2 {[#]} (56... Bxg4 $11 {keeps the balance.} 57. Kxg4 Nh6+ 58. Kf3 Kf7) 57. Nb6 (57. Nc3 $1 $16) 57... e4 $11 58. c5 {[%cal Bc4c5,Bc5c6,Bc6c7][%mdl 32]} e3 {...Ne5 is the strong threat.} 59. c6 Bf5 60. Bh5 {Black must now prevent c7.} ({Avoid the trap} 60. Bxf5 $2 e2 $19) 60... Bg6 $2 {[%mdl 8192]} (60... Kg7 $11 {and Black stays safe.}) 61. Bg4 $2 (61. c7 $18 Bf5 62. c8=Q+ Bxc8 63. Nxc8) 61... Be4 $2 {[%mdl 8192]} (61... Bf5 $11 62. c7 (62. Bxf5 $2 e2 $19) 62... Kg7) 62. c7 Nd6 {[#]} 63. Nc4 $1 {[%mdl 512]} Nc8 (63... Nxc4 64. c8=Q+) 64. d6 Bc6 65. Kg5 f3 66. Bxf3 (66. Bxc8 $142 Kf7 67. Ne5+ Kg7 68. Bxa6 Bb7 69. d7 f2 70. d8=Q f1=Q 71. Bxf1 e2 72. Qf6+ Kh7 73. Qf7+ Kh8 74. Ng6#) 66... Kf7 67. Ne5+ (67. Bxc6 $142 e2 68. d7 e1=Q 69. Bd5+ Kg7 70. dxc8=Q Qc1+ 71. Kh4 Qh6+ 72. Kg3) 67... Ke6 $18 68. Nxc6 Kxd6 {intending ...e2.} 69. Nb4 Kxc7 70. Nxa6+ $2 (70. Be2 $18) 70... Kb6 $11 71. Nb4 Kc5 $2 {[%mdl 8192] [#]} (71... Ka5 $11 {and Black is okay.}) 72. Kf4 $2 ({White has to play} 72. Be2 $1 $18) 72... Nb6 $2 {[%mdl 8192]} (72... Kc4 $1 $11) 73. Be2 $18 Kd4 {If only Black now had time for ...Kc3....} 74. Nc2+ $2 (74. Nc6+ $18 Kc3 75. Na7) 74... Kc3 $11 {The position is equal.} 75. Nxe3 Kb3 76. Nc4 Nxc4 77. Bxc4+ {Precision: White = 36%, Black = 43%.} 1/2-1/2

[Event "Central-SRB chT 2018"]
[Site "Kragujevac"]
[Date "2018.09.21"]
[Round "10"]
[White "Atalik, Suat"]
[Black "Rakhmanov, Aleksandr"]
[Result "1/2-1/2"]
[WhiteElo "2512"]
[BlackElo "2647"]
[Annotator "TA"]
[PlyCount "18"]
[EventDate "2018.09.14"]
[EventType "team-tourn"]
[EventCountry "SRB"]
[SourceTitle "playchess.com"]
[Source "ChessBase"]
[SourceQuality "1"]

{[%evp 15,18,16,19,18,17]} 1. d4 d5 2. c4 e6 3. Nc3 Bb4 4. cxd5 exd5 5. Bf4 c6 6. e3 {D31: Queen's Gambit Declined: Semi-Slav without ...Nf6 (+ Marshall Gambit and Noteboom) and Exchange Variation lines without ...Nf6} Ne7 7. Bd3 Bf5 8. Nge2 Bd6 {LiveBook: 3 Games} 9. Bxd6 $146 ({Predecessor:} 9. O-O O-O 10. f3 Bxd3 11. Qxd3 Na6 12. e4 Bxf4 13. Nxf4 {0-1 (62) Moiseenko,A (2648)-Sanikidze,T (2548) Almaty 2016}) 9... Qxd6 1/2-1/2